000 00390nam a2200181Ia 4500
003 0STCL
008 150530s9999 xx 000 0 und d
040 _aSTCL
_cSTCL
100 _aSarma, V.S.
245 _aYugacharyan
250 _a3
260 _bKamalalaya; Trivandrum
_c1965
300 _a0
546 _aMalayalam
942 _2ddc
_cBK
999 _c82252
_d82252
005 20220125171816.0